000 00197nam a2200085Ia 4500
008 240331s9999 xx 000 0 und d
082 _bLIF
245 0 _alifco thamil thamil angilam agarathi
942 _cL
999 _c3246
_d3246